Propojování bankovních a pojišťovacích aktivit na finančních trzích

Na finančných trhoch európskych krajín sa presadzujú integračné tendencie medzi bankovým a poisťovacím sektorom. Vznik nových útvarov - bank holding, multi-produkt financial corporation alebo bancassurance. U nás známy termín - banková holdingová spoločnosť. Formy a národné špecifiká prepájania bank...

Description complète

Enregistré dans:
Détails bibliographiques
Auteur principal: Kolcunová, Eva
Format: Chapitre de livre
Langue:tchèque
Sujets:
Tags: Ajouter un tag
Pas de tags, Soyez le premier à ajouter un tag!

MARC

LEADER 00000naa a2200000 4500
001 r024079
005 20221213081802.4
041 0 |a cze 
044 |a CZ 
245 1 0 |a Propojování bankovních a pojišťovacích aktivit na finančních trzích  |c E. Kolcunová 
520 |a Na finančných trhoch európskych krajín sa presadzujú integračné tendencie medzi bankovým a poisťovacím sektorom. Vznik nových útvarov - bank holding, multi-produkt financial corporation alebo bancassurance. U nás známy termín - banková holdingová spoločnosť. Formy a národné špecifiká prepájania bankových a poisťovacích trhov. 
610 2 0 |a trh finančný 
610 2 0 |a bankovníctvo 
610 2 0 |a poisťovníctvo 
610 2 0 |a Európa 
610 2 0 |a USA 
610 2 0 |a Japonsko 
610 2 0 |a spoločnosti holdingové 
610 2 0 |a podnik spoločný 
100 1 |a Kolcunová, Eva